000 00266nam a2200109Ia 4500
008 220204s9999 xx 000 0 und d
082 _a658.3
_bBUR
100 _aRaymond J
245 0 _aManaging with people
260 _aCalifornia
_bAddison Wesley
_c1968
942 _cBK
999 _c26756
_d26756